| 000 | 00447nam a2200145Ia 4500 | ||
|---|---|---|---|
| 008 | 211109s9999||||xx |||||||||||||| ||und|| | ||
| 082 |
_a894.8121 _bHAM-Y |
||
| 100 | _aHameed, Shahul | ||
| 245 | 0 | _aYatharthyangal | |
| 260 |
_bAthma Mithram Press _aPathanapuram _c1952 |
||
| 300 | _a26p. | ||
| 630 | _xGeneral Stack | ||
| 650 |
_aLiterature & rhetoric _vLiteratures of other languagesMalayalam literatureMalayalam Poetry _xGeneralia |
||
| 942 | _cBOOK | ||
| 999 |
_c15767 _d15767 |
||